000
00284nam a22001217a 4500
008
180927b xxu||||| |||| 00| 0 eng d
041
_a
eng
080
_a
101
100
_a
24
101
_a
FIL
245
_a
Creative synthesis and philosophic method
_c
Hartshorne,Ch
942
_2
udc
_c
BK
999
_c
48568
_d
48568